000 00297nam a22001337a 4500
020 _a0-8114-2595-9
082 _a030
_bCAT/E
100 _aCATHERALL, ED
245 _aEXPLORING SOIL & ROCKS
260 _aUS
_bRAINTREE STECK-VAUGHN
300 _a48
650 _aGENERAL KNOWLEDGE
_zUS
942 _cBK
999 _c2114
_d2114